Khảo sát tình trạng ô nhiễm nước nuôi tôm tại công ty Thông Thuận, tỉnh Bình Thuận /
Gespeichert in:
| 1. Verfasser: | |
|---|---|
| Weitere Verfasser: | , |
| Format: | Artikel |
| Sprache: | Vietnamese |
| Tags: |
Tag hinzufügen
Keine Tags, Fügen Sie den ersten Tag hinzu!
|
| Thư viện lưu trữ: | Thư viện Trường Đại học Đà Lạt |
|---|
| LEADER | 00894nam a2200253 4500 | ||
|---|---|---|---|
| 001 | DLU120137983 | ||
| 005 | ##20120723 | ||
| 040 | # | # | |a DLU |b vie |
| 041 | # | # | |a vie |
| 044 | # | # | |a vn |
| 100 | # | # | |a Hoàng Việt Hậu. |
| 245 | # | # | |a Khảo sát tình trạng ô nhiễm nước nuôi tôm tại công ty Thông Thuận, tỉnh Bình Thuận / |c Hoàng Việt Hậu, Trần Thị Nhung, Nguyễn Khoa Trưởng. |
| 700 | # | # | |a Nguyễn Khoa Trưởng. |
| 700 | # | # | |a Trần Thị Nhung. |
| 773 | # | # | |t Thông báo khoa học Trường Đại học Đà Lạt: khoa học tự nhiên - công nghệ |g 2009, tr. 71-79 |
| 920 | # | # | |a Phòng Tạp chí -- Trung tâm Thông tin - Thư viện Trường Đại học Đà Lạt |
| 994 | # | # | |a DLU |
| 900 | # | # | |a True |
| 911 | # | # | |a Lý Thị Hồng Hạnh |
| 925 | # | # | |a G |
| 926 | # | # | |a A |
| 927 | # | # | |a BB |
| 980 | # | # | |a Thư viện Trường Đại học Đà Lạt |